Largest Coastal Cities of World on Map - Statistics

General Stats
  • This quiz has been taken 347 times
  • The average score is 61 of 75
Answers on the Map
Answers color-coded by a green-red scale on the quiz's map according to % correct below.
 
Answer Stats
Population City % Correct
17,700,000 Los Angeles
99%
6,400,000 Miami
97%
22,100,000 New York City
97%
7,850,000 San Francisco
97%
16,000,000 Istanbul
96%
13,200,000 Rio de Janeiro
96%
3,575,000 Rome
96%
4,425,000 Seattle
96%
3,350,000 Athens
95%
4,775,000 Barcelona
95%
16,400,000 Buenos Aires
94%
40,400,000 Tokyo
94%
7,750,000 Boston
93%
4,225,000 Cape Town
93%
5,350,000 Dubai
93%
31,300,000 Jakarta
93%
10,100,000 Lima
93%
25,100,000 Mumbai
93%
5,650,000 Saint Petersburg
93%
5,800,000 Alexandria
92%
18,800,000 Bangkok
92%
25,700,000 Manila
92%
3,350,000 San Diego
92%
6,750,000 Houston
91%
4,225,000 Naples
91%
33,600,000 Shanghai
91%
5,300,000 Sydney
91%
3,975,000 Algiers
90%
24,800,000 Seoul
90%
7,900,000 Singapore
90%
8,550,000 Washington, D.C.
90%
20,200,000 Dhaka
89%
19,400,000 Lagos
89%
4,975,000 Melbourne
89%
17,700,000 Osaka
89%
3,750,000 Caracas
88%
46,700,000 Guangzhou
88%
7,500,000 Hong Kong
88%
4,475,000 Casablanca
87%
7,350,000 Philadelphia
87%
8,900,000 Kuala Lumpur
86%
4,750,000 Kuwait City
86%
4,000,000 Santo Domingo
86%
8,600,000 Ho Chi Minh City
85%
17,800,000 Karachi
85%
8,150,000 Luanda
85%
3,725,000 Dakar
84%
4,750,000 Colombo
83%
6,450,000 Dar es Salaam
83%
4,950,000 Jeddah
83%
11,300,000 Chennai
81%
5,100,000 Accra
80%
4,375,000 Tampa
80%
9,150,000 Taipei
79%
4,125,000 Busan
78%
10,500,000 Nagoya
75%
5,600,000 Yangon
75%
3,425,000 Durban
74%
5,600,000 Abidjan
73%
3,850,000 Recife
70%
12,700,000 Tianjin
70%
4,125,000 Porto Alegre
69%
4,925,000 Chittagong
68%
3,600,000 Salvador
66%
3,675,000 Fortaleza
64%
6,100,000 Surabaya
63%
10,000,000 Xiamen
63%
6,100,000 Qingdao
54%
8,450,000 Hangzhou
53%
4,000,000 Medan
50%
4,550,000 Dalian
48%
6,600,000 Surat
46%
4,025,000 Fuzhou
45%
7,650,000 Shantou
31%
5,350,000 Wenzhou
30%
No matching quizzes found
Score Distribution
Percent of People with Each Score
Percentile by Number Answered
Your Score History
You have not taken this quiz